000 00823nam a2200241Ia 4500
003 OSt
005 20221005112235.0
006 a|||||r|||| 00| 0
007 ta
008 221004b |||||||| |||| 00| 0 pan d
020 _a8171434215 (hbk)
_c160
024 _a95205
037 _b220, 01/01/2009, H.K. Prakashan
_cTextual
040 _aCRL
_cCRL
_bpan
041 _2pan
_apan
082 _aP153x, P6
100 _aਜੱਸਲ, ਕਵਲਜੀਤ
245 0 _aਪ੍ਰਮੁਖ ਪੰਜਾਬੀ ਭਾਾ ਚਿੰਤਕ
260 _aਅੰਮ੍ਰਿਤਸਰ
_bਰਵੀ ਸਾਹਿਤ ਪ੍ਰਕਾਨ ਭਾਰਤ
_c2006
300 _a144ਪੰ
_ccm.
942 _hP153x, P6
_cTEXL
_2cc
999 _c1024295
_d1024295